|
|
|
|
| LEADER |
00000nam0a2200000 4500 |
| 001 |
146423 |
| 005 |
20241219063138.0 |
| 035 |
|
|
|a (RuTPU)RU\TPU\book\158720
|
| 090 |
|
|
|a 146423
|
| 100 |
|
|
|a 20081029d2008 m y0rusy50 ca
|
| 101 |
0 |
|
|a rus
|
| 102 |
|
|
|a RU
|
| 105 |
|
|
|a a j 001zy
|
| 200 |
1 |
|
|a Управление техническими системами
|e лабораторный практикум на примере горной промышленности
|e учебное пособие
|f П. В. Бурков, М. Ю. Блащук
|g Томский политехнический университет (ТПУ) ; Юргинский технологический институт (филиал)
|
| 210 |
|
|
|a Томск
|c Изд-во ТПУ
|d 2008
|
| 215 |
|
|
|a 74 с.
|c ил.
|
| 320 |
|
|
|a Список литературы: с. 38.
|
| 330 |
|
|
|a Данное пособие включает все разделы теории линейных систем автоматического управления, каждый из которых представлен в виде отдельной работы и снабжен: необходимыми теоретическими сведениями, пояснениями и программой работы, требованиями к порядку выполнения работы и содержанию отчета, а также контрольными вопросами. Исследования систем проводятся с помощью моделирующей программы Classic 3. В основе работ заложены конкретные электромеханические системы, их реальные и физические элементы. Предназначено для выполнения лабораторных работ студентами горных специальностей по дисциплине «Управление техническими системами (Теория автоматического управления)».
|
| 610 |
1 |
|
|a технические системы
|
| 610 |
1 |
|
|a динамические звенья
|
| 610 |
1 |
|
|a стационарные системы
|
| 610 |
1 |
|
|a частотные характеристики
|
| 610 |
1 |
|
|a автоматическое управление
|
| 610 |
1 |
|
|a лабораторные работы
|
| 610 |
1 |
|
|a лабораторные практикумы
|
| 610 |
1 |
|
|a учебные пособия
|
| 675 |
|
|
|a 681.51.075(076.5)
|v 3
|
| 700 |
|
1 |
|a Бурков
|b П. В.
|c инженер-механик
|c профессор Томского политехнического университета и Юргинского технологического института (филиала) Томского политехнического университета, доктор технических наук
|f 1957-
|g Пётр Владимирович
|7 ca
|8 rus
|2 stltpush
|3 (RuTPU)RU\TPU\pers\24291
|9 10756
|
| 701 |
|
1 |
|a Блащук
|b М. Ю.
|c горный инженер
|c доцент Юргинского технологического института (филиала) Томского политехнического университета, кандидат технических наук
|f 1979-
|g Михаил Юрьевич
|2 stltpush
|3 (RuTPU)RU\TPU\pers\25157
|9 11241
|
| 712 |
0 |
2 |
|a Томский политехнический университет (ТПУ)
|c (1991- )
|2 stltpush
|3 (RuTPU)RU\TPU\col\376
|
| 712 |
0 |
2 |
|a Юргинский технологический институт (филиал)
|2 stltpush
|3 (RuTPU)RU\TPU\col\5961
|
| 801 |
|
1 |
|a RU
|b 63413507
|c 20081029
|g PSBO
|
| 801 |
|
2 |
|a RU
|b 63413507
|c 20150907
|g PSBO
|
| 942 |
|
|
|c BK
|